Patología del lenguaje verbal expresivo.

Guardado en:
Detalles Bibliográficos
Autor principal: Cáceres Velasquez, Artidoro (autor)
Formato: Libro
Idioma:Español
Temas:
Etiquetas: Agrega una etiqueta
Sin etiquetas, Sé el primero en etiquetar este registro!

MARC

LEADER 00000cam^a2200000uu^4500
001 000463526
005 20250521000000.0
008 050901s1973^^^^^^^^^^^^rd^r^^000^0^spa^d
009 20260310124315.734
035 |a FCE 000006076 
035 |a FCE 024086 
037 |a Acervo ITESO - Biblioteca 
041 |a spa 
082 0 4 |a 302.2242  |b CACp 
100 |a Cáceres Velasquez, Artidoro  |e (autor) 
245 1 0 |a Patología del lenguaje verbal expresivo. 
264 |a Buenos Aires :  |b Marymar,  |c 1973. 
300 |a 205 p. 
336 |a texto  |b txt  |2 rdacontenido 
337 |a sin mediación  |b n  |2 rdamedio 
338 |a volumen  |b nc  |2 rdasoporte 
649 |a XX 
650 |a Análisis 
650 |a Lenguaje oral 
650 |a Expresión oral 
650 |a Patología del habla 
650 |a Características psicológicas 
910 |a Fondo Centro de Estudios Educativos 
920 |a Impresos - Libros 
930 |a Fondos Especiales 
905 |a 133 
901 |a ALE024086  |b IT2  |c CEE  |u 20250521 
902 |a https://opac.biblio.iteso.mx/vufind/Record/000463526